निसर्ग बोलतोय भाग-2 (प्राणी व वृक्षवल्लींबद्दलची विज्ञान प्रश्नोत्तरे) (Record no. 440129)

MARC details
000 -LEADER
fixed length control field 00923nam a2200157Ia 4500
008 - FIXED-LENGTH DATA ELEMENTS--GENERAL INFORMATION
fixed length control field 100122s9999 xx 000 0 und d
082 ## - DEWEY DECIMAL CLASSIFICATION NUMBER
Item number 68501
Classification number BM001
100 ## - MAIN ENTRY--PERSONAL NAME
Personal name दाते हेमंत
245 ## - TITLE STATEMENT
Title निसर्ग बोलतोय भाग-2 (प्राणी व वृक्षवल्लींबद्दलची विज्ञान प्रश्नोत्तरे)
250 ## - EDITION STATEMENT
Edition statement 0
260 ## - PUBLICATION, DISTRIBUTION, ETC. (IMPRINT)
Name of publisher, distributor, etc फुलराणी प्रकाशन
Date of publication, distribution, etc 1996
300 ## - PHYSICAL DESCRIPTION
Extent 52
630 ## - SUBJECT ADDED ENTRY--UNIFORM TITLE
Uniform title निसर्ग बोलतोय भाग-2 (प्राणी व वृक्षवल्लींबद्दलची विज्ञान प्रश्नोत्तरे)
730 ## - ADDED ENTRY--UNIFORM TITLE
Uniform title निसर्ग बोलतोय भाग-2 (प्राणी व वृक्षवल्लींबद्दलची विज्ञान प्रश्नोत्तरे)
942 ## - ADDED ENTRY ELEMENTS (KOHA)
Koha item type Book
Holdings
Withdrawn status Lost status Damaged status Not for loan Home library Current library Date acquired Cost, normal purchase price Total Checkouts Full call number Barcode Date last seen Cost, replacement price Price effective from Koha item type Public note
        S.V. Pathak Library, Vile Parle S.V. Pathak Library, Vile Parle 12/20/2005 32.00   68501 SVPPARLE-68501 01/25/2010 32.00 01/25/2010 Book General NA